First class : the standards and quality of education in reception classes

Saved in:
Bibliographic Details
Corporate Author: Office of Her Majesty's Chief Inspector of Schools
Format: Book
Language:English
Published: London : HMSO, 1993
Subjects:
Tags: Add Tag
No Tags, Be the first to tag this record!

MARC

LEADER 00000nam a2200000 i 4500
001 1/16488
008 010131s1993 eng d
020 |a 0-11-350020-3 
035 |l 10065791 
040 |a GR-MY-UA  |b gre  |e aacr 
041 0 |a eng 
082 0 |a 372.241 
110 2 |a Office of Her Majesty's Chief Inspector of Schools. 
245 1 0 |a First class :  |b the standards and quality of education in reception classes /  |c a report from the office of Her Majesty's Chief Inspector of Schools 
260 |a London :   |b HMSO,   |c 1993 
300 |a 17 p. 
500 |a At the head of the title: Office for Standards in Education 
650 0 0 |a Education  |x Standards  |z Great Britain. 
650 0 0 |a Education, Primary  |z Great Britain. 
650 0 0 |a Education, Elementary  |z England. 
650 0 0 |a Education, Assessment. 
852 |a INST  |b RHODES  |e 20010131  |h 372.241 OFF  |p 005400011932  |q 005400011932  |t BK  |y 0 
901 |a BIBL4-2001-1 
909 |a Ρ  |b 068180 
922 |a 4ΕΛΗ  |b 199908  |c ΚΠΣ/154  |d GLORY BOOKS 
970 |a ΚΟΥΛΑΚΙΟΤΗ  |b ΛΙΤΣΑ  |z 2001/01/31